[Event "XXVII Festival Conca della Presolana B"]
[Site "Bratto - Castione della Presolana ITA"]
[Date "2007.08.25"]
[Round "2"]
[White "Hunt, Daniel"]
[Black "Menegollo, Carlo"]
[Result "1-0"]
[WhiteElo "1754"]
[BlackElo "1889"]
[PlyCount "67"]
[EventDate "2007.08.24"]

1. e4 e6 2. d4 d5 3. Nc3 dxe4 4. Nxe4 Nd7 5. Nf3 Ngf6 6. Bg5 Be7 7. Bxf6 Nxf6
8. Bd3 O-O 9. O-O b6 10. Re1 Bb7 11. Ne5 g6 12. Qf3 Kg7 13. Qh3 Nh5 14. Qe3 Kh8
15. f4 c5 16. c3 cxd4 17. cxd4 f6 18. Nf3 e5 19. fxe5 fxe5 20. Nxe5 Bxe4 21.
Bxe4 Bg5 22. Qd3 Nf4 23. Qd1 Rc8 24. g3 Nh3+ 25. Kg2 Nf2 26. Qb3 Nxe4 27. Rxe4
Qc7 28. Re2 Bf6 29. Rae1 Qb7+ 30. Kg1 Rcd8 31. Qc4 b5 32. Qc5 Kg7 33. Nc6 Qd7
34. Re7+ 1-0

[Event "XXVII Festival Conca della Presolana B"]
[Site "Bratto - Castione della Presolana ITA"]
[Date "2007.08.25"]
[Round "2"]
[White "Margstahler, Francesco"]
[Black "Gallana, Marco"]
[Result "0-1"]
[WhiteElo "1752"]
[BlackElo "1949"]
[PlyCount "84"]
[EventDate "2007.08.24"]

1. e4 c6 2. d4 d5 3. exd5 cxd5 4. c4 Nf6 5. Nc3 g6 6. Nf3 Bg7 7. Be3 O-O 8. h3
Nc6 9. Rc1 Qa5 10. Qb3 Bf5 11. cxd5 Nb4 12. Ne5 Nbxd5 13. Bc4 e6 14. O-O Nxc3
15. bxc3 Be4 16. Bd3 Bxd3 17. Nxd3 Nd5 18. c4 Nxe3 19. fxe3 b6 20. Rfd1 Rfc8
21. d5 exd5 22. cxd5 Rxc1 23. Nxc1 Qc5 24. Kh1 Re8 25. d6 Rd8 26. Qd3 Rd7 27.
Nb3 Qc3 28. Qb5 Qc8 29. Rc1 Qd8 30. Qa6 Bf8 31. Rc8 Qf6 32. Ra8 Qxd6 33. Qc8
Kg7 34. Nd4 Rc7 35. Qxf8+ Qxf8 36. Rxf8 Kxf8 37. Nb5 Re7 38. Kg1 Rxe3 39. Nxa7
Ra3 40. Nc8 b5 41. Nd6 b4 42. Nb5 Rxa2 0-1

[Event "XXVII Festival Conca della Presolana B"]
[Site "Bratto - Castione della Presolana ITA"]
[Date "2007.08.25"]
[Round "2"]
[White "Marsili, Riccardo"]
[Black "Scarpellini, Felice"]
[Result "1/2-1/2"]
[WhiteElo "1686"]
[BlackElo "1848"]
[PlyCount "114"]
[EventDate "2007.08.24"]

1. e4 d6 2. d4 g6 3. Nf3 Bg7 4. Nc3 Bg4 5. Be3 c6 6. Bc4 e6 7. O-O Nf6 8. h3
Bxf3 9. Qxf3 O-O 10. Rad1 Nbd7 11. Rfe1 b5 12. Bb3 Qc7 13. Bf4 e5 14. Be3 a5
15. a3 a4 16. Ba2 Rfb8 17. Qe2 Nb6 18. dxe5 dxe5 19. Bc5 Rd8 20. Qe3 Nbd7 21.
Bd6 Qa7 22. Qxa7 Rxa7 23. Bxe5 Raa8 24. Bxf6 Nxf6 25. f3 Nh5 26. Rxd8+ Rxd8 27.
Rd1 Rxd1+ 28. Nxd1 Nf4 29. Kf1 Kf8 30. Nc3 Ke7 31. Nd1 Bd4 32. Nc3 f6 33. Nd1
g5 34. b3 axb3 35. Bxb3 Kd6 36. a4 bxa4 37. Bxa4 Ne6 38. Nf2 Nc5 39. Bb3 Nxb3
40. cxb3 Kc5 41. Nd3+ Kb5 42. Ke2 c5 43. Kd2 c4 44. bxc4+ Kxc4 45. f4 h6 46.
fxg5 hxg5 47. g3 Bc3+ 48. Ke3 Bd4+ 49. Ke2 Bc3 50. Nf2 Kd4 51. Kf3 Ke5 52. h4
gxh4 53. gxh4 f5 54. h5 Kf6 55. exf5 Kxf5 56. h6 Kg6 57. Ng4 Bd2 1/2-1/2

[Event "XXVII Festival Conca della Presolana B"]
[Site "Bratto - Castione della Presolana ITA"]
[Date "2007.08.25"]
[Round "2"]
[White "Melone, Antonio"]
[Black "Viglino, Antonio"]
[Result "0-1"]
[WhiteElo "1704"]
[BlackElo "1871"]
[PlyCount "86"]
[EventDate "2007.08.24"]

1. d4 Nf6 2. c4 e6 3. Nf3 b6 4. g3 Ba6 5. Nbd2 Bb4 6. Bg2 Bxc4 7. Ne5 Bd5 8.
Bxd5 Nxd5 9. e4 Nf6 10. Qf3 O-O 11. a3 Bxd2+ 12. Bxd2 d5 13. exd5 Qxd5 14. Rc1
Qxf3 15. Nxf3 Nd5 16. O-O Nd7 17. Rfe1 c5 18. Kg2 Rac8 19. b3 h6 20. h4 b5 21.
Re2 c4 22. Be1 cxb3 23. Rxc8 Rxc8 24. Rb2 a6 25. Rxb3 Rc4 26. Rd3 f6 27. Bd2
N7b6 28. Rb3 Ra4 29. Bc1 Kf7 30. Kf1 Nc4 31. Ke2 e5 32. dxe5 fxe5 33. Ne1 e4
34. Nc2 Ne5 35. Ne1 Ke6 36. Bb2 g6 37. Bc1 h5 38. Bg5 b4 39. axb4 Nxb4 40. Bd2
Nbc6 41. Rb6 Kd5 42. Nc2 Nc4 43. Bc3 Nxb6 0-1

[Event "XXVII Festival Conca della Presolana B"]
[Site "Bratto - Castione della Presolana ITA"]
[Date "2007.08.25"]
[Round "2"]
[White "Mora, Lorenzo"]
[Black "Primerano, Carlo"]
[Result "1/2-1/2"]
[WhiteElo "1920"]
[BlackElo "1740"]
[PlyCount "32"]
[EventDate "2007.08.24"]

1. e4 d5 2. exd5 Qxd5 3. Nc3 Qa5 4. d4 Nf6 5. Nf3 Bf5 6. Bc4 e6 7. O-O c6 8.
Ne2 Bd6 9. Ng3 Bg6 10. Re1 O-O 11. c3 Nbd7 12. Qb3 Qc7 13. Nf1 b5 14. Be2 Rfe8
15. Bg5 Rab8 16. N1d2 a6 1/2-1/2

[Event "XXVII Festival Conca della Presolana B"]
[Site "Bratto - Castione della Presolana ITA"]
[Date "2007.08.25"]
[Round "2"]
[White "Morandi, Daniele"]
[Black "Mansueti, Marco"]
[Result "1-0"]
[WhiteElo "1904"]
[BlackElo "1703"]
[PlyCount "75"]
[EventDate "2007.08.24"]

1. e4 c5 2. Nf3 Nc6 3. d4 cxd4 4. Nxd4 d6 5. Nc3 e5 6. Nb3 Nge7 7. Bc4 a6 8. a4
g6 9. Bg5 Qc7 10. Bf6 Rg8 11. O-O Nd4 12. Bd5 Ndc6 13. a5 Nb4 14. f4 exf4 15.
Rxf4 Nbxd5 16. exd5 Bg7 17. Qd4 Kf8 18. Bxe7+ Qxe7 19. Qf2 Be5 20. Rf1 Bxf4 21.
Qxf4 Kg7 22. Nd4 f5 23. Nf3 Bd7 24. Re1 Qf6 25. Qb4 Rab8 26. Qb6 Kh8 27. Qc7
Rgd8 28. h4 Qf7 29. Qxd6 Be8 30. Qf4 Qd7 31. Qg5 Qd6 32. Re6 Qc5+ 33. Kh1 Rd7
34. Qf6+ Rg7 35. Qe5 Qc8 36. Re7 Bf7 37. Rxf7 Qg8 38. Rxg7 1-0

[Event "XXVII Festival Conca della Presolana B"]
[Site "Bratto - Castione della Presolana ITA"]
[Date "2007.08.25"]
[Round "2"]
[White "Oteri, Aldo"]
[Black "Luppi, Dario"]
[Result "1-0"]
[WhiteElo "1957"]
[BlackElo "1763"]
[PlyCount "59"]
[EventDate "2007.08.24"]

1. e4 e6 2. d4 d5 3. Nd2 Nf6 4. e5 Nfd7 5. Bd3 c5 6. c3 Nc6 7. Ngf3 Qb6 8. O-O
cxd4 9. cxd4 Nxd4 10. Nxd4 Qxd4 11. Nf3 Qb6 12. Qe2 Nc5 13. Be3 Bd7 14. a3 Qd8
15. Bb5 a6 16. Bxd7+ Nxd7 17. Rac1 Be7 18. Rc2 Rc8 19. Rfc1 Rxc2 20. Qxc2 O-O
21. Qc7 Qxc7 22. Rxc7 Rd8 23. Rxb7 Kf8 24. Ra7 Nb8 25. b4 f6 26. Nd4 Kf7 27. f4
Rc8 28. a4 Rc3 29. Kf2 Rc4 30. Rb7 1-0

[Event "XXVII Festival Conca della Presolana B"]
[Site "Bratto - Castione della Presolana ITA"]
[Date "2007.08.25"]
[Round "2"]
[White "Proietti, Giorgio"]
[Black "Vocaturo, Ilaria"]
[Result "1-0"]
[WhiteElo "1878"]
[BlackElo "1698"]
[PlyCount "79"]
[EventDate "2007.08.24"]

1. d4 d5 2. Nf3 Nf6 3. c4 e6 4. Bg5 Be7 5. e3 O-O 6. Nc3 h6 7. Bh4 b6 8. cxd5
exd5 9. Be2 Bb7 10. a3 c5 11. O-O Nbd7 12. Rc1 Rc8 13. Bg3 Ne4 14. Nxe4 dxe4
15. Ne5 Nf6 16. Bc4 Qe8 17. Ng6 a6 18. Nxf8 Bxf8 19. dxc5 Bxc5 20. b4 Bf8 21.
Qe2 Qa4 22. Qa2 Qd7 23. Rfd1 Qe8 24. Bb3 Nh7 25. Rxc8 Bxc8 26. Bc7 b5 27. Rd8
Qc6 28. Qc2 Qxc2 29. Bxc2 Bb7 30. Bb3 g6 31. Be5 Ng5 32. Rb8 Bc6 33. Rb6 Bd7
34. Rxg6+ Kh7 35. Rxa6 Bg7 36. Bxg7 Kxg7 37. Ra7 Be8 38. h4 Nh7 39. a4 Nf6 40.
axb5 1-0

[Event "XXVII Festival Conca della Presolana B"]
[Site "Bratto - Castione della Presolana ITA"]
[Date "2007.08.25"]
[Round "2"]
[White "Raselli, Claudio"]
[Black "Nepi, Ezio"]
[Result "0-1"]
[WhiteElo "1985"]
[BlackElo "1831"]
[PlyCount "52"]
[EventDate "2007.08.24"]

1. d4 Nf6 2. c4 c5 3. d5 b5 4. a4 bxc4 5. Nc3 d6 6. e4 g6 7. Bxc4 Bg7 8. Nf3
O-O 9. O-O Nbd7 10. Re1 Ng4 11. h3 Nge5 12. Nxe5 Nxe5 13. Bf1 Rb8 14. f4 Nd7
15. Rb1 Bxc3 16. bxc3 Rxb1 17. Bd3 Rb8 18. g4 Qa5 19. Bd2 Nb6 20. f5 Qxa4 21.
Qf3 Nc4 22. Bxc4 Qxc4 23. f6 e5 24. Qe3 Kh8 25. Qh6 Rg8 26. Qg5 Qd3 0-1

[Event "XXVII Festival Conca della Presolana B"]
[Site "Bratto - Castione della Presolana ITA"]
[Date "2007.08.25"]
[Round "2"]
[White "Romano, Zeno"]
[Black "Antolini, Aldo"]
[Result "1-0"]
[WhiteElo "1866"]
[BlackElo "1642"]
[PlyCount "51"]
[EventDate "2007.08.24"]

1. e4 e6 2. d4 d5 3. e5 c5 4. c3 Nc6 5. Nf3 Nge7 6. Be2 Ng6 7. O-O Be7 8. Nbd2
O-O 9. Re1 cxd4 10. cxd4 Bd7 11. Nb3 Rc8 12. Bd2 Qb6 13. Rc1 Qd8 14. g3 b6 15.
h4 f5 16. exf6 Bxf6 17. Ba6 Rb8 18. h5 Nge7 19. Bf4 Nf5 20. Bxb8 Qxb8 21. Bf1
Nxg3 22. fxg3 Qxg3+ 23. Bg2 Bh4 24. Rf1 e5 25. Nxh4 Qxh4 26. Bxd5+ 1-0

[Event "XXVII Festival Conca della Presolana B"]
[Site "Bratto - Castione della Presolana ITA"]
[Date "2007.08.25"]
[Round "2"]
[White "Rombaldoni, Brian"]
[Black "Tonel, Giulia"]
[Result "0-1"]
[WhiteElo "1812"]
[BlackElo "1934"]
[PlyCount "64"]
[EventDate "2007.08.24"]

1. d4 Nf6 2. Nf3 e6 3. Bf4 b6 4. e3 Bb7 5. Nbd2 Be7 6. Bd3 c5 7. O-O O-O 8. c4
d5 9. b3 Nbd7 10. Ne5 Ne4 11. Nxd7 Qxd7 12. Nf3 f6 13. dxc5 Nxc5 14. Bc2 e5 15.
Nxe5 fxe5 16. Qh5 e4 17. Rad1 g6 18. Qh6 Qe6 19. b4 Nd3 20. cxd5 Bxd5 21. f3
Bc4 22. fxe4 Nb2 23. Rb1 Bxf1 24. Rxf1 Rac8 25. Bb3 Nc4 26. Rf3 Qxe4 27. h4 Rf5
28. Rg3 Bf8 29. Rxg6+ hxg6 30. Qxg6+ Bg7 31. Bxc4+ Rxc4 32. Bh6 Rc1+ 0-1

[Event "XXVII Festival Conca della Presolana B"]
[Site "Bratto - Castione della Presolana ITA"]
[Date "2007.08.25"]
[Round "2"]
[White "Rozzoni, Davide"]
[Black "Pedemonte, Claudio"]
[Result "1-0"]
[WhiteElo "1786"]
[BlackElo "1915"]
[PlyCount "79"]
[EventDate "2007.08.24"]

1. b3 e5 2. Bb2 Nc6 3. g3 d5 4. Bg2 Nf6 5. e3 Bg4 6. Ne2 Bd6 7. d3 O-O 8. Nd2
Re8 9. h3 Bxe2 10. Qxe2 a5 11. a3 Qd7 12. O-O b5 13. Rfc1 Rab8 14. c3 Ne7 15.
b4 a4 16. c4 c6 17. cxd5 cxd5 18. Rc2 Rec8 19. Rac1 Rxc2 20. Rxc2 Rc8 21. Qd1
Qf5 22. Nb1 Rxc2 23. Qxc2 h6 24. Nc3 Qd7 25. Ne2 Qa7 26. Kf1 Qb8 27. f4 Nf5 28.
Kf2 exf4 29. gxf4 d4 30. Bxd4 Nxd4 31. Nxd4 Bxf4 32. exf4 Qxf4+ 33. Nf3 Nh5 34.
Qc8+ Kh7 35. Qg4 Qc1 36. Qxh5 Qxa3 37. Qxf7 Qb2+ 38. Kg3 a3 39. Ng5+ hxg5 40.
Be4+ 1-0

[Event "XXVII Festival Conca della Presolana B"]
[Site "Bratto - Castione della Presolana ITA"]
[Date "2007.08.25"]
[Round "2"]
[White "Saccani, Ercole"]
[Black "Franzini, Stefano"]
[Result "0-1"]
[WhiteElo "1715"]
[BlackElo "1905"]
[PlyCount "100"]
[EventDate "2007.08.24"]

1. d4 d5 2. Bf4 e6 3. Nf3 Nf6 4. e3 c5 5. c3 Nbd7 6. Bd3 Be7 7. Nbd2 b6 8. Ne5
Nxe5 9. dxe5 Nd7 10. c4 O-O 11. Qc2 h6 12. h4 Bb7 13. Rh2 Qc7 14. Nf3 dxc4 15.
Bxc4 Bxf3 16. gxf3 Nxe5 17. Ke2 Bd6 18. Bxe5 Bxe5 19. f4 Bf6 20. Qe4 Rfd8 21.
Bd3 Qd6 22. Qh7+ Kf8 23. Rd1 c4 24. Bc2 Qc5 25. Qe4 Rxd1 26. Qxa8+ Rd8 27. Qe4
Qh5+ 28. f3 Qd5 29. Qxd5 exd5 30. e4 d4 31. Kd1 d3 32. Bb1 Bd4 33. Rg2 Be3 34.
f5 b5 35. h5 b4 36. Rg4 c3 37. e5 a5 38. Re4 Bd2 39. e6 fxe6 40. Rxe6 c2+ 41.
Bxc2 dxc2+ 42. Kxc2 Bg5 43. Ra6 Rd5 44. f4 Bf6 45. a3 bxa3 46. bxa3 Rxf5 47.
Kd3 Rxh5 48. Ke4 Rc5 49. Ra8+ Kf7 50. Ra7+ Kg6 0-1

[Event "XXVII Festival Conca della Presolana B"]
[Site "Bratto - Castione della Presolana ITA"]
[Date "2007.08.25"]
[Round "2"]
[White "Saccani, Ettore"]
[Black "Autelitano, Bruno"]
[Result "0-1"]
[WhiteElo "1888"]
[BlackElo "1754"]
[PlyCount "52"]
[EventDate "2007.08.24"]

1. e4 c5 2. c3 Nc6 3. d4 cxd4 4. cxd4 d5 5. e5 Bf5 6. Nf3 e6 7. Bd3 Bg4 8. O-O
Bxf3 9. gxf3 Nxd4 10. Qa4+ Nc6 11. Be3 a6 12. Rc1 Nge7 13. Bc5 b5 14. Qc2 Nxe5
15. Nd2 Nxd3 16. Qxd3 Ng6 17. Qe3 Bd6 18. Nf1 O-O 19. Bb6 Qd7 20. Rc2 Rac8 21.
Rac1 Bf4 22. Rxc8 Rxc8 23. Rxc8+ Qxc8 24. Qa3 e5 25. Ng3 Nh4 26. Qb3 Qh3 0-1

[Event "XXVII Festival Conca della Presolana B"]
[Site "Bratto - Castione della Presolana ITA"]
[Date "2007.08.25"]
[Round "2"]
[White "Sala, Giovanni"]
[Black "Gatta, Flavio"]
[Result "1-0"]
[WhiteElo "1935"]
[BlackElo "1791"]
[PlyCount "115"]
[EventDate "2007.08.24"]

1. Nf3 Nf6 2. g3 g6 3. Bg2 Bg7 4. O-O O-O 5. d3 d5 6. Nbd2 c6 7. e4 dxe4 8.
dxe4 Bg4 9. h3 Bd7 10. Qe2 Na6 11. c3 Nc7 12. Nb3 Ne6 13. Ne5 Qc7 14. Nxd7 Nxd7
15. Be3 Rad8 16. Rfd1 b6 17. a4 c5 18. Nd2 Ne5 19. Nc4 Nxc4 20. Qxc4 Rd7 21.
Rxd7 Qxd7 22. Bf3 h5 23. Rd1 Qc7 24. Kg2 Rd8 25. Rxd8+ Nxd8 26. Be2 Nc6 27. f4
e6 28. b4 Bf8 29. bxc5 bxc5 30. Qb5 Qb6 31. e5 Be7 32. h4 Kf8 33. Kf2 Ke8 34.
Bf3 Qxb5 35. axb5 Nd8 36. Ke2 Kd7 37. Kd3 Kc7 38. Kc4 Kb6 39. Be4 Bf8 40. Bf3
Be7 41. Bg2 Bf8 42. Bf1 Nb7 43. Kb3 Ka5 44. Bd2 Kb6 45. c4 a6 46. bxa6 Kxa6 47.
Ka4 Be7 48. Bg2 Nd8 49. Bc3 Ka7 50. Kb5 Kb8 51. Bb2 Nb7 52. Ba3 Bd8 53. Bxb7
Kxb7 54. Bxc5 Bc7 55. Be7 Bb8 56. Bd6 Ba7 57. c5 Kc8 58. Kc6 1-0

[Event "XXVII Festival Conca della Presolana B"]
[Site "Bratto - Castione della Presolana ITA"]
[Date "2007.08.25"]
[Round "2"]
[White "Saracco, Marco"]
[Black "Caputi, Giuliano"]
[Result "0-1"]
[WhiteElo "1840"]
[BlackElo "1975"]
[PlyCount "96"]
[EventDate "2007.08.24"]

1. d4 d5 2. Nf3 Nf6 3. e3 Bg4 4. Be2 e6 5. Ne5 Bf5 6. Bd3 Ne4 7. O-O Nd7 8.
Nxd7 Qxd7 9. Nd2 Bd6 10. f3 Nxd2 11. Qxd2 O-O-O 12. e4 dxe4 13. fxe4 Bg6 14. c3
e5 15. d5 Bc5+ 16. Kh1 c6 17. c4 Rhf8 18. b4 Bd4 19. Bb2 f5 20. exf5 Bxb2 21.
Qxb2 Bxf5 22. Bxf5 Rxf5 23. Rxf5 Qxf5 24. dxc6 bxc6 25. b5 Qg4 26. h3 Qd4 27.
Qxd4 Rxd4 28. Rc1 Kc7 29. Kg1 h5 30. Rc2 g5 31. Kf2 Kb6 32. bxc6 Kxc6 33. Re2
e4 34. Rc2 Kc5 35. Ke3 a5 36. g4 h4 37. Rc3 a4 38. a3 Rxc4 39. Rxc4+ Kxc4 40.
Kxe4 Kb3 41. Kd3 Kxa3 42. Kc3 Ka2 43. Kc2 a3 44. Kc1 Kb3 45. Kb1 Kc3 46. Ka2
Kd3 47. Kxa3 Ke3 48. Kb3 Kf3 0-1

[Event "XXVII Festival Conca della Presolana B"]
[Site "Bratto - Castione della Presolana ITA"]
[Date "2007.08.25"]
[Round "2"]
[White "Spano' Cuomo, Gaetano"]
[Black "Tafur, Abel"]
[Result "1/2-1/2"]
[WhiteElo "1861"]
[BlackElo "1984"]
[PlyCount "95"]
[EventDate "2007.08.24"]

1. d4 Nf6 2. c4 g6 3. Nc3 Bg7 4. e4 d6 5. Nf3 O-O 6. Be2 Nc6 7. O-O e5 8. d5
Ne7 9. Bd2 Ne8 10. Ne1 f5 11. f3 f4 12. Nd3 g5 13. g4 fxg3 14. Bxg5 gxh2+ 15.
Kxh2 Qd7 16. Rf2 Ng6 17. Kg1 h6 18. Be3 Nh4 19. Rh2 Qe7 20. Bf2 Qg5+ 21. Kh1
Ng6 22. Qg1 Qxg1+ 23. Rxg1 Kh7 24. Rhg2 Nf4 25. Nxf4 exf4 26. Bd3 Be5 27. Nb5
a6 28. Nd4 Ng7 29. Ne2 Rf7 30. Bd4 Bd7 31. Bxe5 dxe5 32. b4 Nh5 33. Rh2 Nf6 34.
Nxf4 Rg8 35. Rxg8 Nxg8 36. Nh3 Kg7 37. Kg2 Rf6 38. c5 Ne7 39. a4 Ng6 40. Kf2
Bxh3 41. Rxh3 Nf4 42. Rg3+ Kf8 43. Bf1 Kf7 44. Ke3 Ng6 45. Bh3 Nf4 46. Bc8 b6
47. cxb6 Rxb6 48. b5 1/2-1/2

[Event "XXVII Festival Conca della Presolana B"]
[Site "Bratto - Castione della Presolana ITA"]
[Date "2007.08.25"]
[Round "2"]
[White "Trussardi, Giuseppe"]
[Black "Gallavotti, Eugenio"]
[Result "1/2-1/2"]
[WhiteElo "1702"]
[BlackElo "1702"]
[PlyCount "64"]
[EventDate "2007.08.24"]

1. c4 e5 2. e4 Nf6 3. Nc3 Bb4 4. Nge2 d6 5. h3 O-O 6. g3 Be6 7. b3 Nc6 8. Bg2
Nd4 9. O-O Qd7 10. Kh2 h6 11. d3 Nh7 12. f4 exf4 13. gxf4 f5 14. Bb2 Nxe2 15.
Nxe2 fxe4 16. dxe4 Rad8 17. Qd3 Nf6 18. Rad1 Qe7 19. Qf3 Bf7 20. Ng3 c6 21. Nf5
Qe6 22. Ng3 Kh7 23. Rf2 Rd7 24. Qd3 Kg8 25. a3 Bc5 26. Re2 Nh5 27. Qc3 Be8 28.
f5 Qe7 29. Rf1 Qg5 30. Bc1 Qh4 31. Nxh5 Bxh5 32. Bf3 32... Re7 {...} 1/2-1/2

[Event "XXVII Festival Conca della Presolana B"]
[Site "Bratto - Castione della Presolana ITA"]
[Date "2007.08.25"]
[Round "2"]
[White "Vargiu, Antonio"]
[Black "Galasso, Daniele"]
[Result "1-0"]
[WhiteElo "1917"]
[BlackElo "1712"]
[PlyCount "95"]
[EventDate "2007.08.24"]

1. e4 c6 2. d4 d5 3. exd5 cxd5 4. c4 Nf6 5. Nc3 g6 6. cxd5 Nxd5 7. Bc4 Nf6 8.
Nf3 e6 9. Bg5 Be7 10. Bh6 Ng4 11. Bg7 Rg8 12. Be5 Nc6 13. Bg3 Bd6 14. O-O Bxg3
15. hxg3 Na5 16. Bb5+ Bd7 17. Qe2 Kf8 18. Rad1 Bxb5 19. Nxb5 Nf6 20. Ne5 Kg7
21. Nc3 Nd5 22. Ne4 Rf8 23. Nc5 Qe7 24. Rfe1 Rac8 25. Ned7 Rfd8 26. Qe5+ Kg8
27. Qxd5 Rxd7 28. Qxd7 Qxd7 29. Nxd7 Rc2 30. d5 exd5 31. Rxd5 Nc6 32. Rb5 b6
33. a3 Kg7 34. b3 Rc3 35. a4 Nd4 36. Rbe5 Rxb3 37. R5e4 Rd3 38. Ne5 Rd2 39. Nf3
Nxf3+ 40. gxf3 Rd5 41. Rc1 b5 42. axb5 Rxb5 43. Ra1 Rf5 44. Kg2 a5 45. Rea4 h5
46. Rxa5 Rf6 47. Ra6 Rf5 48. R1a5 1-0

[Event "XXVII Festival Conca della Presolana B"]
[Site "Bratto - Castione della Presolana ITA"]
[Date "2007.08.26"]
[Round "3"]
[White "Antolini, Aldo"]
[Black "Rombaldoni, Brian"]
[Result "0-1"]
[WhiteElo "1642"]
[BlackElo "1812"]
[PlyCount "78"]
[EventDate "2007.08.24"]

1. d4 c6 2. Nf3 d5 3. e3 Bf5 4. Be2 Nf6 5. Nbd2 h6 6. b3 e6 7. Bb2 Bd6 8. Ne5
Nbd7 9. f4 O-O 10. O-O c5 11. Rc1 cxd4 12. exd4 Qa5 13. a3 b5 14. b4 Qb6 15.
Kh1 Rfd8 16. Nb3 a6 17. Nc5 Qb8 18. Nc6 Qc7 19. Nxd8 Qxd8 20. Bd3 Ng4 21. Qf3
Nb6 22. Bxf5 exf5 23. h3 Nf6 24. c3 Ne4 25. Rc2 Nc4 26. Re1 Ncd2 27. Qe3 Nc4
28. Qg1 Ng3+ 29. Kh2 Bxf4 30. Qf2 Nh5+ 31. Kg1 Bg3 32. Qf3 Bxe1 33. Qxh5 Nxb2
34. Rxb2 Bxc3 35. Rc2 Bxd4+ 36. Kh1 Qe7 37. Re2 Qc7 38. Qxf5 Bxc5 39. Qxd5 Rd8
0-1

[Event "XXVII Festival Conca della Presolana B"]
[Site "Bratto - Castione della Presolana ITA"]
[Date "2007.08.26"]
[Round "3"]
[White "Antoniacci, Riccardo"]
[Black "Marsili, Riccardo"]
[Result "1-0"]
[WhiteElo "1989"]
[BlackElo "1686"]
[PlyCount "47"]
[EventDate "2007.08.24"]

1. e4 d5 2. exd5 Qxd5 3. Nf3 Bg4 4. Be2 Nc6 5. d4 O-O-O 6. c4 Qd7 7. d5 Bxf3 8.
Bxf3 Ne5 9. Be2 Nf6 10. Be3 Kb8 11. Nc3 e6 12. Bd4 Ng6 13. Qb3 exd5 14. Rd1 c6
15. O-O Ka8 16. cxd5 Nxd5 17. Nxd5 cxd5 18. Bb5 Qd6 19. Rc1 Be7 20. Qa4 a6 21.
Rc6 bxc6 22. Qxa6+ Kb8 23. Bxc6 Qb4 24. Bb6 1-0

[Event "XXVII Festival Conca della Presolana B"]
[Site "Bratto - Castione della Presolana ITA"]
[Date "2007.08.26"]
[Round "3"]
[White "Autelitano, Bruno"]
[Black "Mora, Lorenzo"]
[Result "0-1"]
[WhiteElo "1754"]
[BlackElo "1920"]
[PlyCount "52"]
[EventDate "2007.08.24"]

1. d4 Nf6 2. Nf3 g6 3. Nbd2 Bg7 4. e4 d6 5. Bd3 Nbd7 6. O-O c5 7. c3 O-O 8. Re1
a6 9. a4 b6 10. b4 Nh5 11. Bb2 Nf4 12. Bf1 Bb7 13. Qb3 Qc7 14. Rac1 e5 15. g3
Nh5 16. Bc4 Bh6 17. Rc2 Kg7 18. Bd3 Rfc8 19. Nc4 b5 20. axb5 axb5 21. bxc5 bxc4
22. Qxc4 dxc5 23. d5 Re8 24. Ra1 Rxa1+ 25. Bxa1 Ra8 26. Ra2 Nb6 0-1

[Event "XXVII Festival Conca della Presolana B"]
[Site "Bratto - Castione della Presolana ITA"]
[Date "2007.08.26"]
[Round "3"]
[White "Bocceda, Carlo"]
[Black "Acunzo, Domenico"]
[Result "0-1"]
[WhiteElo "1739"]
[BlackElo "1776"]
[PlyCount "108"]
[EventDate "2007.08.24"]

1. e4 e6 2. c4 d5 3. cxd5 exd5 4. exd5 Qxd5 5. Nc3 Qf5 6. Nf3 Bd6 7. d4 Nf6 8.
Bd3 Qh5 9. Qe2+ Be7 10. Bf4 c6 11. Bd6 Be6 12. Bxe7 Kxe7 13. O-O Re8 14. Qc2
Kf8 15. Rfe1 Nbd7 16. Ne4 Bd5 17. Ng3 Qh6 18. Nf5 Qf4 19. Qd2 Nh5 20. Qxf4 Nxf4
21. Bf1 Rxe1 22. Nxe1 b5 23. g3 Ne6 24. Bg2 Nf6 25. Bxd5 Nxd5 26. Rc1 g6 27.
Ne3 Nxd4 28. Kf1 Ne7 29. Nd3 f6 30. Nc5 Kf7 31. Rd1 Ne6 32. Ne4 Rd8 33. Rxd8
Nxd8 34. a4 Nb7 35. axb5 cxb5 36. Ke2 Ke6 37. Kd3 h6 38. Nc3 Nc5+ 39. Kd4 Nb3+
40. Kd3 a6 41. f4 f5 42. Kc2 Nd4+ 43. Kd3 Nb3 44. Kc2 Nd4+ 45. Kd3 Nb3 46. Ne2
Na5 47. Kc3 Nd5+ 48. Nxd5 Kxd5 49. Kd3 Nc6 50. Nc3+ Kc5 51. Na2 Nb4+ 52. Nxb4
Kxb4 53. Kc2 a5 54. h3 h5 0-1

[Event "XXVII Festival Conca della Presolana B"]
[Site "Bratto - Castione della Presolana ITA"]
[Date "2007.08.26"]
[Round "3"]
[White "Brunello, Roberta"]
[Black "Hunt, Daniel"]
[Result "0-1"]
[WhiteElo "1953"]
[BlackElo "1754"]
[PlyCount "80"]
[EventDate "2007.08.24"]

1. e4 c5 2. Nf3 d6 3. d4 cxd4 4. Nxd4 Nf6 5. Nc3 a6 6. Be3 e5 7. Nb3 Be6 8. f3
Be7 9. Qd2 O-O 10. O-O-O a5 11. Kb1 a4 12. Nc1 a3 13. b3 Ra5 14. g4 d5 15. g5
d4 16. gxf6 Bxf6 17. Qe1 Nd7 18. Bd2 dxc3 19. Bxc3 Ra8 20. Bb4 Be7 21. Bb5 Bxb4
22. Qxb4 Qc7 23. Bxd7 Bxd7 24. Rd2 Rfc8 25. Rhd1 Be6 26. Qd6 h6 27. Qxc7 Rxc7
28. c4 f6 29. Rd8+ Rxd8 30. Rxd8+ Kh7 31. Ra8 Rd7 32. Kc2 Bh3 33. Nd3 Kg6 34.
Rxa3 Bg2 35. b4 Rd4 36. Rc3 Bxf3 37. c5 Bxe4 38. b5 Kf5 39. c6 bxc6 40. bxc6
Rxd3 0-1

[Event "XXVII Festival Conca della Presolana B"]
[Site "Bratto - Castione della Presolana ITA"]
[Date "2007.08.26"]
[Round "3"]
[White "Caputi, Giuliano"]
[Black "Bitossi, Massimo"]
[Result "1-0"]
[WhiteElo "1975"]
[BlackElo "1892"]
[PlyCount "61"]
[EventDate "2007.08.24"]

1. c4 Nf6 2. Nc3 d6 3. g3 c6 4. Bg2 e5 5. d4 Qc7 6. e4 Be7 7. Nge2 O-O 8. O-O
Nbd7 9. h3 Re8 10. d5 a6 11. Be3 Rb8 12. a4 c5 13. f4 Bf8 14. f5 g6 15. g4 Nb6
16. b3 Bg7 17. Ng3 h6 18. h4 Nh7 19. Qd2 Qe7 20. g5 hxg5 21. hxg5 f6 22. fxg6
Nxg5 23. Bxg5 fxg5 24. Rf7 Qd8 25. Nh5 Bh8 26. Raf1 Bg4 27. Nf6+ Bxf6 28. R1xf6
Bh5 29. Qxg5 Nd7 30. Qh6 Nxf6 31. Qg7# 1-0

[Event "XXVII Festival Conca della Presolana B"]
[Site "Bratto - Castione della Presolana ITA"]
[Date "2007.08.26"]
[Round "3"]
[White "Chiarion, Elisa"]
[Black "Raselli, Claudio"]
[Result "1/2-1/2"]
[WhiteElo "1814"]
[BlackElo "1985"]
[PlyCount "36"]
[EventDate "2007.08.24"]

1. e4 c5 2. Nf3 e6 3. b3 Nc6 4. c4 d6 5. Bb2 Nf6 6. Nc3 Be7 7. d4 cxd4 8. Nxd4
O-O 9. Be2 a6 10. O-O Qc7 11. Rc1 Nxd4 12. Qxd4 Bd7 13. Ba3 Bc6 14. Bb2 Rfd8
15. Rfd1 Qa5 16. a3 Qc5 17. Qd3 Qg5 18. Rc2 Qg6 1/2-1/2

[Event "XXVII Festival Conca della Presolana B"]
[Site "Bratto - Castione della Presolana ITA"]
[Date "2007.08.26"]
[Round "3"]
[White "Cocuzzi, Edoardo"]
[Black "Autino, Massimiliano"]
[Result "0-1"]
[WhiteElo "1887"]
[BlackElo "1779"]
[PlyCount "88"]
[EventDate "2007.08.24"]

1. e4 d5 2. exd5 Qxd5 3. Nc3 Qe5+ 4. Be2 c6 5. d4 Qc7 6. Nf3 Bf5 7. g3 e6 8.
Bf4 Bd6 9. Be5 Bxe5 10. Nxe5 Nd7 11. g4 Bg6 12. Nxg6 hxg6 13. h4 Ngf6 14. Qd2
O-O-O 15. O-O-O Nb6 16. Qe3 Nfd5 17. Nxd5 Nxd5 18. Qg3 Qf4+ 19. Kb1 g5 20. Bc4
gxh4 21. Rxh4 Qxg3 22. fxg3 Ne3 23. Bxe6+ fxe6 24. Rd3 Rxh4 25. gxh4 Nxg4 26.
c3 Rh8 27. Rf3 Nf6 28. Rg3 Rh7 29. a3 Kd7 30. Ka2 Ke7 31. c4 Kf7 32. Rb3 b6 33.
c5 b5 34. a4 a6 35. axb5 axb5 36. Rh3 g5 37. Ra3 Rxh4 38. Ra7+ Kg6 39. Rc7 g4
40. Rxc6 g3 41. Rxe6 g2 42. c6 g1=Q 43. c7 Qc1 44. d5 Qc4+ 0-1